Dokończ tekst piosenki #2 - "Zanim pójdę" Happysad - Statystyki

Ogólne statystyki
  • Ten quiz został rozwiązany 78 razy
  • Średni wynik to 28 z 30
Statystyki odpowiedzi
Tekst Dokończ % Poprawnych
To też nie ... rogaty diabeł
100%
To też nie ... rogaty diabeł
100%
Ale zanim ..., ale zanim ... pójdę
100%
Ale zanim ..., chciałbym powiedzieć ci, że pójdę
100%
Ale zanim ..., ale zanim ... pójdę
100%
Ale zanim ..., chciałbym powiedzieć ci, że pójdę
100%
A drugie po nim ... skacze
100%
A drugie po nim ... skacze
100%
Ile jestem Ci ... winien
100%
Ile jestem Ci ... winien
100%
Miłość to nie pluszowy miś ani ... kwiaty
98%
Miłość to nie pluszowy miś ani ... kwiaty
98%
Ile policzyłaś mi za swą ... przyjaźń
98%
Ile policzyłaś mi za swą ... przyjaźń
98%
Ile były ... nasze słowa warte
98%
Ale miłość - kiedy jedno ... w dół spada
97%
Ale miłość - kiedy jedno ... w dół spada
97%
Drugie ... je ku górze ciągnie
95%
Drugie ... je ku górze ciągnie
95%
Ani miłość kiedy jedno ... płacze
95%
Ani miłość kiedy jedno ... płacze
95%
Będziesz ... i wolna czy szczęśliwa
91%
Będziesz ... i wolna czy szczęśliwa
91%
Miłość to żaden film w ... kinie żadnym
91%
Miłość to żaden film w ... kinie żadnym
91%
Ani róże ani ... małe, duże całusy
85%
Ani róże ani ... małe, duże całusy
85%
Ale kiedy wszystko już ..., czy oddam
76%
Kiedy ... wszystko od nowa? próbowaliśmy
55%
Kiedy ... wszystko od nowa? próbowaliśmy
55%
Nie znaleziono quizów pasujących do podanych kryteriów
Rozkład punktacji
Procent ludzi z każdym wynikiem
Percentyl według liczby udzielonych odpowiedzi
Twoja historia wyników
Nie rozwiązałeś tego quizu